Barcelona : Institucions ... / direcció, Àngel Fernández i Martínez..., Francesc Galmés i Diaz-Plaja... -- Institucions ... / direcció, Àngel Fernández i Martínez..., Francesc Galmés i Diaz-Plaja... --
ISBN:
84-7609-352-7
Descripción Física:
4 v. ; 22 cm
MARC
| LEADER | 00000nam a2200000Ia 4500 | ||
|---|---|---|---|
| 001 | 10910, 10647, 13158, 12764, | ||
| 008 | 160829s1990 - xx 000 0 cat d | ||
| 020 | |a 84-7609-352-7 (1990); 84-7794-295-1 (1994); 84-7609-840-5 (1998); 84-7794-737-6 (2000) | ||
| 080 | |a O-1-66, O-1-67, O-1-105, O-1-68 | ||
| 245 | |a Barcelona : |b Institucions ... / direcció, Àngel Fernández i Martínez..., Francesc Galmés i Diaz-Plaja... -- | ||
| 260 | |a Barcelona : |b Diputació de Barcelona : |b Ajuntament de Barcelona, |c 1990 - | ||
| 300 | |a 4 v. ; |c 22 cm | ||
| 590 | |a Aquest llibre és continuació del que porta per títol: 'Llibre de les Institucions' | ||
| 610 | 1 | 0 | |a Barcelona (Catalunya : Província). |b Diputació |v Directoris |9 55988 |
| 650 | |a Polítics |x Espanya |x Directoris |9 28446 | ||
| 650 | |a Polítics |x Catalunya |x Directoris |9 28447 | ||
| 650 | |a Municipis |x Govern i administració |x Barcelona (Província) |x Directoris I |9 28448 | ||
| 650 | |a Associacions, institucions, etc. |x Barcelona |x Directoris |9 28450 | ||
| 700 | 1 | |a Fernández Martínez, Àngel |9 28451 | |
| 700 | 1 | |a Galmés i Díaz-Plaja, Francesc |9 28452 | |
| 866 | |a 1990, 1994, 1998, 2000 | ||
| 901 | |a Arxiu | ||
| 942 | |n 1 | ||
| 952 | |0 0 |1 0 |4 0 |6 O166_O167_O1105_O168 |7 1 |9 44819 |a Arxiu |b Arxiu |d 2016-12-01 |l 0 |o O-1-66, O-1-67, O-1-105, O-1-68 |p 10910, 10647, 13158, |r 2016-12-01 00:00:00 |w 2016-12-01 |y ARXIU | ||
| 999 | |c 47417 |d 47417 | ||